Filosofías del mundo : (Record no. 98265)

MARC details
000 -LEADER
fixed length control field 00721nam a22002177a 4500
005 - DATE AND TIME OF LATEST TRANSACTION
control field 20150813152356.0
008 - FIXED-LENGTH DATA ELEMENTS--GENERAL INFORMATION
fixed length control field 150813b sp||||| |||| 00| 0 spa d
020 ## - INTERNATIONAL STANDARD BOOK NUMBER
International Standard Book Number 9788437624013
050 04 - LIBRARY OF CONGRESS CALL NUMBER
Classification number BD 21
Item number C66 2007
100 1# - MAIN ENTRY--PERSONAL NAME
Personal name Cooper, David E.
245 10 - TITLE STATEMENT
Title Filosofías del mundo :
Remainder of title Una introducción histórica /
Statement of responsibility, etc David E. Cooper,
250 ## - EDITION STATEMENT
Edition statement Primera edición: 2007
260 ## - PUBLICATION, DISTRIBUTION, ETC. (IMPRINT)
Place of publication, distribution, etc Madrid, España :
Name of publisher, distributor, etc Cátedra,
Date of publication, distribution, etc 2007.
300 ## - PHYSICAL DESCRIPTION
Extent 727 paginas,
Dimensions 25 X 17 centímetros,
440 ## - SERIES STATEMENT/ADDED ENTRY--TITLE
Title Teorema
490 ## - SERIES STATEMENT
Series statement Mayor
504 ## - BIBLIOGRAPHY, ETC. NOTE
Bibliography, etc Incluye: Bibliografía p, (667-690) e indices
650 #7 - SUBJECT ADDED ENTRY--TOPICAL TERM
Source of heading or term Lemb
Topical term or geographic name as entry element Filosofía
General subdivision Historia
700 1# - ADDED ENTRY--PERSONAL NAME
Personal name Cooper, David E.
Relator term Traducción: García Trevijano, Carmen
942 ## - ADDED ENTRY ELEMENTS (KOHA)
Source of classification or shelving scheme Biblioteca del Cogreso de los Estados Unidos
Koha item type Libro
Holdings
Estado de pérdida Fuente de clasificación Estado del daño No para préstamo Ubicación permanente Ubicación actual Apartado o colección Fecha de adquisición Área del conocimiento Clasificación Código de Barras Date last seen Número de copia Tipo de recurso
  Biblioteca del Cogreso de los Estados Unidos     Biblioteca de la Facultad de Filosofía Biblioteca de la Facultad de Filosofía General 13/08/2015 Educación y Humanidades BD 21 C66 2007 BFF000012586 13/08/2015 C. 1 Libro
  Biblioteca del Cogreso de los Estados Unidos     Biblioteca de la Facultad de Filosofía Biblioteca de la Facultad de Filosofía General 13/08/2015 Educación y Humanidades BD 21 C66 2007 BFF000012587 13/08/2015 C. 2 Libro
  Biblioteca del Cogreso de los Estados Unidos     Biblioteca de la Facultad de Filosofía Biblioteca de la Facultad de Filosofía General 13/08/2015 Educación y Humanidades BD 21 C66 2007 BFF000012588 13/08/2015 C: 3 Libro
  Biblioteca del Cogreso de los Estados Unidos     Biblioteca de la Facultad de Filosofía Biblioteca de la Facultad de Filosofía General 13/08/2015 Educación y Humanidades BD 21 C66 2007 BFF000012589 13/08/2015 C: 4 Libro